Annual review of earth and Planetary Sciences (Record no. 9430)

MARC details
000 -LEADER
fixed length control field 00591nam a2200205Ia 4500
003 - CONTROL NUMBER IDENTIFIER
control field IN-BaIIA
005 - DATE AND TIME OF LATEST TRANSACTION
control field 20230707112748.0
008 - FIXED-LENGTH DATA ELEMENTS--GENERAL INFORMATION
fixed length control field 211028s9999 xx 000 0 eng d
020 ## - INTERNATIONAL STANDARD BOOK NUMBER
International Standard Book Number 0-8243-2016-6
040 ## - CATALOGING SOURCE
Transcribing agency IIA Library
080 ## - UNIVERSAL DECIMAL CLASSIFICATION NUMBER
Universal Decimal Classification number 047.1:523
Item number ARE-16
100 ## - MAIN ENTRY--PERSONAL NAME
Personal name Wetherill Gorge, W.
9 (RLIN) 15873
245 #0 - TITLE STATEMENT
Title Annual review of earth and Planetary Sciences
Remainder of title vol.16
Statement of responsibility, etc. W. Wetherill Gorge
260 ## - PUBLICATION, DISTRIBUTION, ETC.
Place of publication, distribution, etc. Annual Reviews
Name of publisher, distributor, etc. Direct
Date of publication, distribution, etc. 1988
300 ## - PHYSICAL DESCRIPTION
Extent ix, 676p
650 ## - SUBJECT ADDED ENTRY--TOPICAL TERM
Topical term or geographic name entry element Astronomy and Astrophysics Thesaurus
650 ## - SUBJECT ADDED ENTRY--TOPICAL TERM
Topical term or geographic name entry element Earth
650 ## - SUBJECT ADDED ENTRY--TOPICAL TERM
Topical term or geographic name entry element Planetary Sciences
9 (RLIN) 7110
942 ## - ADDED ENTRY ELEMENTS (KOHA)
Koha item type Books
Source of classification or shelving scheme Dewey Decimal Classification
Holdings
Withdrawn status Lost status Source of classification or shelving scheme Damaged status Not for loan Home library Current library Shelving location Date acquired Total Checkouts Full call number Barcode Date last seen Price effective from Koha item type Purchase Price
    Universal Decimal Classification     IIA Library-Bangalore IIA Library-Bangalore General Stacks     047.1:523/ ARE-16 10340 05/11/2021   Books  

Powered by Koha